书目信息 |
| 题名: |
舞蹈概论
|
|
| 作者: | 马丁 著 ;欧建平 译 | |
| 分册: | ||
| 出版信息: | 北京 文化艺术出版社 2005 |
|
| 页数: | 394页 | |
| 开本: | 23cm | |
| 丛书名: | 艺术馆 | |
| 单 册: | ||
| 中图分类: | J70 | |
| 科图分类: | ||
| 主题词: | 舞蹈 , 舞蹈--概论 | |
| 电子资源: | ||
| ISBN: | 7-5039-2649-X | |
| 000 | 00858oam2 2200277 450 | |
| 001 | 002858535 | |
| 005 | 20061121101736.15 | |
| 010 | @a7-5039-2649-X@dCNY69.00 | |
| 100 | @a20050410d2005 em y0chiy0110 ea | |
| 101 | 1 | @achi@ceng |
| 102 | @aCN@b110000 | |
| 105 | @aa z 000yy | |
| 200 | 1 | @a舞蹈概论@9wu dao gai lun@f(美)约翰·马丁著@g欧建平译 |
| 210 | @a北京@c文化艺术出版社@d2005 | |
| 215 | @a394页@c图@d23cm | |
| 225 | 2 | @a艺术馆 |
| 330 | @a本书分理论中的舞蹈和动作中的舞蹈两部分,从当代舞蹈等多视角出发,剖析了欧美舞蹈的历史脉络。 | |
| 461 | 0 | @12001 @a艺术馆 |
| 510 | 1 | @aIntroduction to the Dance@zeng |
| 606 | 0 | @a舞蹈 |
| 606 | 0 | @a舞蹈@x概论 |
| 690 | @aJ70@v4 | |
| 701 | 1 | @c(美)@a马丁@9ma ding@c(Martin,John@f1893~1985)@4著 |
| 702 | 0 | @a欧建平@9ou jian ping@f(1956.5~)@4译 |
| 801 | 0 | @aCN@bNLC@c20061121 |
| 905 | @a10447@dJ70@e68 | |
| 舞蹈概论/(美)约翰·马丁著/欧建平译.-北京:文化艺术出版社,2005 |
| 394页:图;23cm.-(艺术馆) |
| ISBN 7-5039-2649-X:CNY69.00 |
| 本书分理论中的舞蹈和动作中的舞蹈两部分,从当代舞蹈等多视角出发,剖析了欧美舞蹈的历史脉络。 |
| ● |
| 相关链接 |
|
|
|
|
正题名:舞蹈概论
索取号:J70/68
 
预约/预借
| 序号 | 登录号 | 条形码 | 馆藏地/架位号 | 状态 | 备注 |
| 1 | 0394692 | 203946926 | 第一样本阅览室/ [索取号:J70/68] | 在馆 | |
| 2 | 0394693 | 203946935 | 第一借阅区/ [索取号:J70/68] | 在馆 |